MARC details
| 000 -LEADER |
| campo de control de longitud fija |
01793nam a2200409 i 4500 |
| 001 - NÚMERO DE CONTROL |
| campo de control |
195880 |
| 003 - IDENTIFICADOR DE NÚMERO DE CONTROL |
| campo de control |
SpMaBN |
| 005 - FECHA Y HORA DE LA ÚLTIMA TRANSACCIÓN |
| campo de control |
20250825062655.0 |
| 008 - DATOS DE LONGITUD FIJA--INFORMACIÓN GENERAL |
| campo de control de longitud fija |
240728s2018 sp a | |||| 000 1 spa |
| 017 ## - NÚMERO DE COPYRIGHT O DE DEPÓSITO LEGAL |
| Número de copyright o de depósito legal |
M 37524-2018 |
| Agencia que asigna |
Oficina Depósito Legal Madrid |
| 020 ## - NÚMERO INTERNACIONAL ESTÁNDAR DEL LIBRO |
| Número Internacional Estándar del Libro |
9788417397784 |
| 035 ## - NÚMERO DE CONTROL DEL SISTEMA |
| Número de control de sistema |
(OCoLC)1129315604 |
| 035 ## - NÚMERO DE CONTROL DEL SISTEMA |
| Número de control de sistema |
a6613630 |
| 040 ## - FUENTE DE CATALOGACIÓN |
| Centro catalogador/agencia de origen |
SpMaBN |
| Lengua de catalogación |
spa |
| Centro/agencia transcriptor |
SpMaBN |
| Normas de descripción |
rda |
| Centro/agencia modificador |
ES-MaACL |
| 080 ## - NÚMERO DE LA CLASIFICACIÓN DECIMAL UNIVERSAL |
| Número de la Clasificación Decimal Universal |
087.5:82 |
| 100 ## - ENTRADA PRINCIPAL--NOMBRE DE PERSONA |
| Nombre de persona |
Calderón Romo, Diana |
| Número de control del registro de autoridad o número normalizado |
XX1797545 |
| 9 (RLIN) |
237644 |
| Término indicativo de función/relación |
Adaptador |
| 245 13 - MENCIÓN DEL TÍTULO |
| Título |
El Quijotico : |
| Resto del título |
un Quijote para niños ilustrado por niños (Bogotá y Quito) / |
| Mención de responsabilidad, etc. |
adaptación del texto, Diana Calderón, Marta Calzón, José Manuel Lucía Megías ; idea original, José Manuel Lucía Megías. |
| 250 ## - MENCION DE EDICION |
| Mención de edición |
Primera edición |
| 260 ## - PUBLICACIÓN, DISTRIBUCIÓN, ETC. |
| Lugar de publicación, distribución, etc. |
Madrid (España) : |
| Nombre del editor, distribuidor, etc. |
Pigmalión, |
| Fecha de publicación, distribución, etc. |
[2018]. |
| 300 ## - DESCRIPCIÓN FÍSICA |
| Extensión |
186 páginas : |
| Otras características físicas |
ilustraciones (blanco y negro y color) ; |
| Dimensiones |
24 cm. |
| 336 ## - TIPO DE CONTENIDO |
| Término de tipo de contenido |
Texto |
| -- |
Imagen fija |
| Fuente |
rdacontent |
| 337 ## - TIPO DE MEDIO |
| Nombre/término del tipo de medio |
sin mediación |
| Fuente |
rdamedia |
| 338 ## - TIPO DE SOPORTE |
| Nombre/término del tipo de soporte |
volumen |
| Fuente |
rdacarrier |
| 490 0# - MENCIÓN DE SERIE |
| Mención de serie |
El basilisco |
| 600 17 - PUNTO DE ACCESO ADICIONAL DE MATERIA--NOMBRE DE PERSONA |
| 9 (RLIN) |
158871 |
| Nombre de persona |
Cervantes Saavedra, Miguel de, |
| Fechas asociadas al nombre |
1547-1616. |
| Título de la obra |
Don Quijote de la Mancha- |
| Subdivisión de forma |
Ilustraciones |
| 655 #0 - TERMINO DE INDIZACIÓN--GENERO/FORMA |
| Datos o término principal de género/forma |
Adaptaciones |
| Fuente del término |
tgfbne |
| 9 (RLIN) |
237645 |
| 655 #7 - TERMINO DE INDIZACIÓN--GENERO/FORMA |
| Datos o término principal de género/forma |
Libros infantiles |
| Fuente del término |
tgfbne |
| 9 (RLIN) |
226786 |
| 655 #7 - TERMINO DE INDIZACIÓN--GENERO/FORMA |
| Datos o término principal de género/forma |
Libros ilustrados |
| Fuente del término |
tgfbne |
| 9 (RLIN) |
193653 |
| 700 ## - ENTRADA AGREGADA--NOMBRE PERSONAL |
| Nombre de persona |
Calzón Iglesias, Marta |
| 9 (RLIN) |
237646 |
| Término indicativo de función/relación |
Adaptador |
| 700 1# - ENTRADA AGREGADA--NOMBRE PERSONAL |
| Nombre de persona |
Lucía Megías, José Manuel, |
| Fechas asociadas al nombre |
1967- |
| Término indicativo de función/relación |
Adaptador |
| 9 (RLIN) |
240291 |
| 852 ## - LOCALIZACIÓN |
| Ubicación |
ES-MaACL |
| Sublocalización o colección |
R.154494 |
| Ubicación en estantería |
Depósito J |
| Número de control de estantería |
N-8997 |
| Donativo/Legado |
Donación: José Manuel Lucía Megías |
| Encuadernación |
Encuadernación rústica con solapas |
| itemnumber |
204863 |
| 903 ## - NOMBRE PERSONAL DE DONANTE |
| a |
Lucía Megías, José Manuel, |
| d |
1967- |
| e |
Donante |
| 9 |
240291 |
| 942 ## - ELEMENTOS DE ENTRADA SECUNDARIOS (KOHA) |
| Tipo de ítem Koha |
Libro impreso |
| Suprimir en OPAC |
No |